00366pab a2200121 454500008004000000100002700040245006800067260000900135300001100144362000900155650004700164773003300211180718b1987 xxu||||| |||| 00| 0 eng d aSubrahamanyam, K. Siva aBlue print of a local government loan agency for Andhra Pradesh c1987 a561-74 aNov. aMunicipal Finance - India - Andhra Pradesh aJournal of Rural Development